El elemento subjetivo del delito en el estatuto de Roma Un anl̀isis de derecho penal comparado /

Bibliographic Details
Main Author: Vargas Mendoza, Ligia Mara̕
Format: eBook
Language:Spanish
Published: Bogot:̀ Universidad de Los Andes (Colombia), 2020
Subjects:
Online Access:Acceso restringido

MARC

LEADER 00000nam a22000007a 4500
005 20211005225915.0
007 cr|||| ||||
008 211005s2020 co |||||s|||| 00||0 spa d
020 |a 978-958-791-313-2 
035 |a 35208 
040 |a vLex 
090 |c 12499  |d 12499 
100 1 |a Vargas Mendoza, Ligia Mara̕ 
245 1 0 |a El elemento subjetivo del delito en el estatuto de Roma  |h [Recurso electrn̤ico] :  |b Un anl̀isis de derecho penal comparado /  |c Ligia Mara̕ Vargas Mendoza 
256 |a Servicio en ln̕ea 
260 |a Bogot:̀  |b Universidad de Los Andes (Colombia),  |c 2020 
300 |a 1 recurso electrn̤ico 
506 1 |a Disponible solo en los productos indicados  |d vLex Global  |d vLex Global (Academic Edition, excluding Law Schools)  |d vLex Global (U.S. Academic Edition, Law Schools)  |d vLex Global (U.S. Academic Edition, excluding Law Schools)  |d vLex Global (Academic Edition, Law Schools) 
650 0 4 |a Derecho Penal  |z Colombia 
740 0 |a vLex Libros (Servicio en ln̕ea) 
856 4 0 |u https://app.vlex.com/#/sources/35208  |z Acceso restringido 
942 |c BOOK 
999 0 |a Criminal Law